LEADER 00915nam0-22003491i-450- 001 990000725520403321 005 20140114130919.0 035 $a000072552 035 $aFED01000072552 035 $a(Aleph)000072552FED01 035 $a000072552 100 $a20140114d1967----km-y0itay50------ba 101 0 $aeng 102 $aUS 105 $aa-------001yy 200 1 $aTensile structures$fOtto Frei 210 $aCambridge, MA$cM.I.T. press$d1967 215 $a320 p.$cill.$d29 cm 610 0 $aVolte sottili 700 1$aOtto,$bFrei$f<1925- >$06745 801 0$aIT$bUNINA$gRICA$2UNIMARC 901 $aBK 912 $a990000725520403321 952 $a03 VS.0,76$b2661$fIINTC 952 $aTECN C 64$b7366$fFARBC 952 $aTECN C 63$b8902$fFARBC 952 $a241006$b1674$fDCATA 959 $aFARBC 959 $aDCATA 959 $aIINTC 996 $aTensile structures$9323269 997 $aUNINA LEADER 01278oam 2200409 a 450 001 9910698657303321 005 20150223114230.0 035 $a(CKB)3460000000105989 035 $a(OCoLC)461003422 035 $a(EXLCZ)993460000000105989 100 $a20091029d2009 ua 0 101 0 $aeng 135 $aurbn||||||||| 181 $ctxt$2rdacontent 182 $cc$2rdamedia 183 $acr$2rdacarrier 200 10$aChina$b[electronic resource] $erecent security developments /$fCommittee on Armed Services, House of Representatives, One Hundred Tenth Congress, second session 210 1$aWashington :$cU.S. G.P.O.,$d2009. 215 $a1 online resource (iii, 44 pages) 300 $aTitle from title screen (viewed on Oct. 29, 2009). 300 $a"Hearing held June 25, 2008." 300 $a"H.A.S.C. no. 110-153." 517 $aChina 607 $aChina$xMilitary relations$zUnited States 607 $aUnited States$xMilitary relations$zChina 607 $aChina$xMilitary policy 607 $aChina$xPolitics and government$y2002- 801 0$bGPO 801 1$bGPO 801 2$bGPO 801 2$bUBY 801 2$bOCLCQ 801 2$bGPO 906 $aBOOK 912 $a9910698657303321 996 $aChina$92482937 997 $aUNINA